Stations de la Ligne 1 du Métro de Paris - Mort subite - Statistiques

Statistiques générales
  • Ce quiz a été pris 1 038 fois
  • Le résultat moyen est 8 sur 13
Answers on the Grid
Answers color-coded by a green-red scale on the quiz's grid according to % correct below.
Châtelet
La Défense
Château de Vincennes
Charles de Gaulle - Etoile
Concorde
Gare de Lyon
Nation
Tuileries
Saint-Mandé
Franklin D. Roosevelt
Porte Maillot
Bastille
Argentine
Place d'Italie
Trocadéro
Saint-Lazare
Madeleine
Opéra
Pyramides
Bercy
Gare d'Austerlitz
Les Halles
Arts et Métiers
République
 
Statistiques - réponses
Réponse % Correct
La Défense
72%
Tuileries
71%
Charles de Gaulle - Etoile
69%
Châtelet
68%
Château de Vincennes
67%
Franklin D. Roosevelt
66%
Bastille
64%
Concorde
64%
Argentine
63%
Gare de Lyon
62%
Porte Maillot
61%
Nation
60%
Saint-Mandé
53%
Aucun quiz correspondant
Distribution des résultats
% des personnes avec chaque résultat
Percentile par nombre de réponses
Votre historique - résultats
Vous n’avez pas pris ce quiz